00191nam a22000857a 4500082001600000100001500016245003400031260003200065300000800097 a621.4022THO aThomas L C aFundamentals of heat transfer aLondonbPrentice Hallc1982 a702